=LDR 00000nam 2200000 4500 =001 NUTBA000000000000554 =005 20161222134251.0 =006 =007 =008 =020 ##$$a 979-28-0728-8 =035 ##$$0010-031400000000553 =082 ##$$a 411 Ped p =084 ##$$a 411 =100 ##$$a Sriyono =245 ##$$a PEDOMAN UMUM EYD =260 ##$$a Klaten $b Intan pariwara $c 2011 =300 ##$$a iv,52 Hlm $c 23 Cm =990 ##$$a 91588/BPAP-NTB/2014 =990 ##$$a 92904/BPAP-NTB/2014 =990 ##$$a 21196901/BPAP-NTB/2014 =990 ##$$a 21400613/BPAP-NTB/20142014 =990 ##$$a 0001/BPAP-NTB/20142014 =990 ##$$a 0001/BPAP-NTB/2016 =990 ##$$a 0001/BPAP-NTB/2016 =990 ##$$a 15701570